<?xml version="1.0" encoding="UTF-8"?>
<collection xmlns="http://www.loc.gov/MARC21/slim">
    <record>
        <controlfield tag="001">65731</controlfield>
        <controlfield tag="005">20180223094257.0</controlfield>
        <datafield tag="037" ind1=" " ind2=" ">
            <subfield code="a">GDOC-2016-25572</subfield>
        </datafield>
        <datafield tag="041" ind1=" " ind2=" ">
            <subfield code="a">spa</subfield>
        </datafield>
        <datafield tag="100" ind1=" " ind2=" ">
            <subfield code="0">(orcid)0000-0002-0908-1615</subfield>
            <subfield code="1">126230</subfield>
            <subfield code="a">Sánchez Casabón, Ana Isabel</subfield>
        </datafield>
        <datafield tag="245" ind1="0" ind2="0">
            <subfield code="9">25572</subfield>
            <subfield code="a">Información y documentación en humanidades</subfield>
        </datafield>
        <datafield tag="260" ind1=" " ind2=" ">
            <subfield code="a">Zaragoza</subfield>
            <subfield code="b">Universidad de Zaragoza</subfield>
            <subfield code="c">2016-2017</subfield>
        </datafield>
        <datafield tag="520" ind1=" " ind2=" ">
            <subfield code="a">Breve presentación de la asignatura
Es una asignatura optativa que se imparte en el cuarto curso del Grado de Filosofía.
Tiene un fuerte carácter instrumental, por lo que se orienta de forma muy práctica. Pretende que los estudiantes comprendan, por una parte, el proceso de búsqueda y recuperación de información en Humanidades como un proceso de comunicación. De otra parte, facilitará el acceso y conocimiento a las fuentes y recursos de información específicos de Humanidades. En definitiva se pretende que los estudiantes sean capaces de obtener las habilidades y destrezas necesarias para desempeñar adecuadamente sus actividades académicas y profesionales o de investigación, mediante la correcta realización de  las búsquedas bibliográficas e informativas adecuadas que le permitirán obtener información de calidad.</subfield>
            <subfield code="b"> </subfield>
        </datafield>
        <datafield tag="521" ind1=" " ind2=" ">
            <subfield code="9">104</subfield>
            <subfield code="a">Filosofía</subfield>
        </datafield>
        <datafield tag="540" ind1=" " ind2=" ">
            <subfield code="a">by-nc-sa</subfield>
            <subfield code="b">Creative Commons</subfield>
            <subfield code="c">3.0</subfield>
            <subfield code="u">http://creativecommons.org/licenses/by-nc-sa/3.0/</subfield>
        </datafield>
        <datafield tag="830" ind1=" " ind2=" ">
            <subfield code="9">269</subfield>
        </datafield>
        <datafield tag="856" ind1="4" ind2=" ">
            <subfield code="s">14391</subfield>
            <subfield code="u">http://zaguan.unizar.es/record/65731/files/guia-25572-es.pdf</subfield>
            <subfield code="y">Guía (idioma español)</subfield>
        </datafield>
        <datafield tag="856" ind1="4" ind2=" ">
            <subfield code="s">7697</subfield>
            <subfield code="u">http://zaguan.unizar.es/record/65731/files/guia-25572-en.pdf</subfield>
            <subfield code="y">Guide (english)</subfield>
        </datafield>
        <datafield tag="970" ind1=" " ind2=" ">
            <subfield code="a">GDOC-2016-25572</subfield>
        </datafield>
        <datafield tag="980" ind1=" " ind2=" ">
            <subfield code="a">GDOC</subfield>
            <subfield code="b">Artes y humanidades</subfield>
            <subfield code="c">103</subfield>
        </datafield>
    </record>

    
</collection>